000 00783naa a2200229 i 4500
001 99094
003 ES-MaBCM
005 20241016130616.0
008 040726s2002 fra 000 0 fre d
021 _axx
035 _a(OCoLC)1365172743
040 _cES-MaBCM
041 0 _afre
043 _afra
245 0 0 _aLa police
520 _aNº monográfico: Las tareas de la policía y los cambios de la delincuencia. La policía en Francia. Los controles de la policía. La formación. Policía de Europa. Interpol, Europol. El juez y el policía. La imposible reforma de la policía
650 2 7 _aPolicía
_959805
651 2 4 _aEuropa
_9115402
651 4 _aFrancia
_9115364
773 0 _aEn:
_tPouvoirs
_dParis : 2002
_w104493
_gnº 102, p. 3-116. - Loc. S.74
942 _cAREV
999 _c99094
_d99094